000 00451nam a22001817a 4500
005 20240229153058.0
008 240229b |||||||| |||| 00| 0 eng d
020 _a9789356090163
_cRs. 2495.00
040 _aMAIN
082 _a631.4
_bN629S
100 _aNiranjan Singh
245 _aSoil analysis
260 _aNew Delhi
_bArihant Books
_c2023
300 _avi, 280
650 _aSoil Analysis
650 _aEnvironmental Science
942 _cBK
999 _c314281
_d314281